000 00480nam a2200181Ia 4500
008 090123s9999 xx 000 0 und d
082 _b13189
100 _aभावे पु. भा.
245 _aफुलवा
250 _a2
260 _bमेनका प्रकाशन
_c1977
300 _a111
600 _aभावे पु. भा.
630 _aफुलवा
700 _aभावे पु. भा.
730 _aफुलवा
942 _cBOOK
999 _c51252
_d51252